000 00346nam a22001457a 4500
008 210607b ||||| |||| 00| 0 eng d
020 _a9780470646380
041 _aeng
080 _25th
_a91
082 _a91
100 _a42
101 _aGJEO
245 _aThe World Today Concepts and Regions Geography
_cPeter O. Muller
942 _2udc
_cBK
999 _c58029
_d58029